000 01025nam a2200277 i 4500
001 bg
100 1 _aMIZIELIŃSKI, Bogdan
245 1 0 _aSystemy oddymiania budynków :
_bwentylacja /
_cBogdan Mizieliński.
260 _aWarszawa :
_bWydawnictwa Naukowo-Techniczne,
_c1999.
300 _a273, [1] s. :
_brys., wykr. ;
_c25 cm.
504 _aBibliogr. s. 263-271.
521 _aDla studentów uczelni technicznych kierunku wentylacja i klimatyzacja oraz inż. i tech. projektujących i obsługujących systemy wentylacji pożarowej.
650 9 _aDym
_xzapobieganie i zwalczanie
650 9 _aPożarnictwo
_xurządzenia
650 9 _aWentylacja
_xbudownictwo
655 _aPodręczniki akademickie
015 _aPB 15442/99
020 _a8320424364
040 _cBPK
041 0 _apol
080 _a697:614.84](075.8)
920 _a83-204-2436-4
942 _cKS
008 s pl f |000 0 pol
999 _c51457
_d51457
856 _uhttp://koha.tu.koszalin.pl/cgi-bin/koha/opac-detail.pl?biblionumber=51457
_yKatalog online BPK